000 00614nam a2200241Ia 4500
003 OSt
005 20221005033718.0
006 a|||||r|||| 00| 0
007 ta
008 221004b |||||||| |||| 00| 0 eng d
024 _a36466
037 _cTextual
040 _aCRL
_cCRL
_beng
041 _2eng
_aeng
082 _aNA4471,E,8, M4
100 _aMohapatra R P
245 0 _aJaina monuments of Orissa
260 _aDelhi
_bD K India
_c1984
300 _axviii, 254p+plate
_ccm.
650 _aARTS
942 _hNA4471,E,8, M4
_cTEXL
_2cc
999 _c941965
_d941965